Kiến trúc cảnh quang
Tài liệu trình bày về những khái niệm cơ bản, lược khảo lịch sử hình thành và phát triên kiến trúc cảnh quan, quy hoạch và kiến trúc cảnh quan ...
Zapisane w:
| 1. autor: | |
|---|---|
| Format: | Książka |
| Język: | Undetermined |
| Wydane: |
Hà Nội
Xây dựng
1999
|
| Hasła przedmiotowe: | |
| Etykiety: |
Dodaj etykietę
Nie ma etykietki, Dołącz pierwszą etykiete!
|
| Thư viện lưu trữ: | Trung tâm Học liệu Trường Đại học Cần Thơ |
|---|
| LEADER | 00787nam a2200217Ia 4500 | ||
|---|---|---|---|
| 001 | CTU_152180 | ||
| 008 | 210402s9999 xx 000 0 und d | ||
| 020 | |c 29000 | ||
| 082 | |a 712 | ||
| 082 | |b Ng105 | ||
| 100 | |a Hàn, Tất Ngạn | ||
| 245 | 0 | |a Kiến trúc cảnh quang | |
| 245 | 0 | |c Hàn Tất Ngạn | |
| 260 | |a Hà Nội | ||
| 260 | |b Xây dựng | ||
| 260 | |c 1999 | ||
| 520 | |a Tài liệu trình bày về những khái niệm cơ bản, lược khảo lịch sử hình thành và phát triên kiến trúc cảnh quan, quy hoạch và kiến trúc cảnh quan ... | ||
| 650 | |a Buildings,Xây dựng | ||
| 650 | |x Architecture | ||
| 904 | |i Úy Chị, pha | ||
| 980 | |a Trung tâm Học liệu Trường Đại học Cần Thơ | ||